| Tag |
First Indicator |
Second Indicator |
Subfields |
| LEADER |
00000cam a2200000 a 4500 |
| 001 |
in00000098017 |
| 005 |
20150924085454.0 |
| 008 |
811028s1982 mdua b 10100 eng |
| 010 |
|
|
|a 81016306
|
| 020 |
|
|
|a 0806703318
|
| 035 |
|
|
|a (OCoLC)07947182
|
| 035 |
|
|
|9 AAK9380AM
|
| 039 |
0 |
|
|a 2
|b 3
|c 3
|d 3
|e 3
|
| 040 |
|
|
|a DLC
|c DLC
|d WAU
|d TXA
|d UtOrBLW
|
| 049 |
|
|
|a TXAM
|c 1 [388908], 2 [1363932]
|
| 050 |
0 |
0 |
|a RA1231 L4
|b L376 1982
|
| 082 |
0 |
|
|a 615.9/25688/088054
|2 19
|
| 096 |
|
|
|a QV 292 L4302 1979
|
| 245 |
0 |
0 |
|a Lead absorption in children :
|b management, clinical and environmental aspects /
|c [edited by] J. Julian Chisolm, Jr., David M. O'Hara.
|
| 264 |
|
1 |
|a Baltimore :
|b Urban & Schwarzenberg,
|c 1982.
|
| 300 |
|
|
|a x, 229 pages :
|b illustrations ;
|c 24 cm.
|
| 336 |
|
|
|a text
|b txt
|2 rdacontent
|
| 337 |
|
|
|a unmediated
|b n
|2 rdamedia
|
| 338 |
|
|
|a volume
|b nc
|2 rdacarrier
|
| 500 |
|
|
|a Proceedings of a conference organized under the auspices and support of the Office of Maternal and Child Health, Bureau of Community Health Services.
|
| 504 |
|
|
|a Includes bibliographies and index.
|
| 650 |
|
0 |
|a Pediatric toxicology
|x Congresses.
|
| 650 |
|
2 |
|a Lead Poisoning
|x in infancy & childhood
|x congresses.
|
| 700 |
1 |
|
|a Chisolm, J. Julian.
|
| 700 |
1 |
|
|a O'Hara, David M.
|
| 710 |
1 |
|
|a United States.
|b Office for Maternal and Child Health.
|
| 999 |
|
|
|a MARS
|
| 999 |
f |
f |
|s 91cf56df-6dbc-379b-8d7b-fa3d559163f6
|i fafce9e7-6831-3de5-82dd-9ab4cfeb2a93
|t 0
|
| 952 |
f |
f |
|p ric
|a Texas A&M University
|b Rellis Campus
|c Joint Library Facility
|s JLF
|d Remote Storage
|t 0
|e RA1231 L4 L376 1982
|h Library of Congress classification
|i unmediated -- volume
|m A14807226793
|
| 998 |
f |
f |
|a RA1231 L4 L376 1982
|t 0
|l Remote Storage
|